Score 0/39 Timer 05:00
0 Plays Today
Hint Word % Correct
Informal demonym for NZer, after national flightless bird✩✩KIWI✩✩
97.8%
First European to map NZ, Captain James ____✩✩COOK✩✩
88.3%
Highest African mountain ____manjaroKILI
86.8%
In 2012 there were 6.4 million of these dairy animals in NZ✩✩COWS✩✩
83.9%
Fermented grape drink✩✩WINE✩✩
83.5%
Taupo is the largest one of these in the Southern Hemisphere✩✩LAKE✩✩
82.4%
Sheep fleece✩✩WOOL✩✩
82.1%
Not crazySANE
80.5%
What you do to a completed letter or emailSEND
80.5%
A witch or wizard's stickWAND
80.2%
Maori/Polynesian cultural hero; also a Hawaiian island✩✩MAUI✩✩
80%
Raven; chess pieceROOK
79.2%
Colloquial term for toiletsLOOS
79.2%
Japanese rice wineSAKE
78.2%
There are giant dunes of this at Te Paki✩✩SAND✩✩
78.1%
Asian country with capital VientianeLAOS
77%
Shortened name for jumping Australian marsupialsROOS
75.7%
Dove or pigeon soundsCOOS
75.7%
A trigonometric function of an angle, like cos or tanSINE
75.7%
African country, location of TimbuktuMALI
74.9%
Hint Word % Correct
The moon doth wax and ____WANE
74.9%
Not hot; fashionableCOOL
74.2%
Narrow, usually rural roadLANE
73.9%
____ Tasman, first European to sight New Zealand✩✩ABEL✩✩
73.7%
Local Area NetworksLANS
72.2%
Soft carpet-like plantMOSS
71.4%
Bulk; the quantity of matter which a body containsMASS
71.1%
Courts or pursues amorouslyWOOS
70.6%
Hindu GoddessKALI
70.2%
Region of Antarctica claimed by NZ, the ____ Dependency✩✩ROSS✩✩
69.8%
German word for mouse; also an Icelandic rock bandMAUS
68.4%
Hooded clothing itemCOWL
67.5%
The Southern ____, South Island mountain range, home to [first rung]✩✩ALPS✩✩
66.5%
BeersALES
65.3%
Unit of reproduction of a flowering plantSEED
64.7%
Lincoln, Grampa Simpson, biblical patriarchABES
64.4%
Went quicklySPED
54.4%
MimickedAPED
48.8%
Town in the Limpopo province of South AfricaAPEL
45%
Come Together.
Have Fun.
All Virtual.
We all need to come together. Play Sporcle's virtual live trivia to have fun, connect with people, and get your trivia on. Join a live hosted trivia game for your favorite pub trivia experience done virtually. If a virtual private party is more your thing, go here for details.

You're not logged in!

Compare scores with friends on all Sporcle quizzes.
OR
Log In

Sporcle TV

Today on Sporcle TV


Watch our educational content, quiz creation guides, and fun videos on Sporcle TV.

Show Comments

Extras

Top Quizzes Today


Score Distribution

Paid Content

Your Account Isn't Verified!

In order to create a playlist on Sporcle, you need to verify the email address you used during registration. Go to your Sporcle Settings to finish the process.

Report this User

Report this user for behavior that violates our Community Guidelines.

Details: